000 00520nam a2200181Ia 4500
001 8668
005 20260306160626.0
008 260306t2010||||xx |||||||||||||| ||spa||
041 _aESP
082 _a371.27
_bC214
100 _aCajiao Restrepo, Francisco
_eAUT
245 0 _aEvaluar es valorar:
_bdiálogo sobre la evaluación del aprendizaje en el aula para comprender el decreto 1290 de 2009
260 _c2010
300 _a161 páginas :
_c24 cm.
650 _aGEN
654 _aCED
942 _cLIB
_dJUS
_fJUS
_2ddc
_n
999 _c8668
_d8668